[Event "Lipetsk Region-ch"]
[Site "Lipetsk"]
[Date "2007.11.25"]
[Round "9"]
[White "Semenkov, Aleksander"]
[Black "Ryakhovsky, Alexander"]
[Result "1-0"]
[WhiteElo "2072"]
[BlackElo "1906"]
[PlyCount "67"]
[EventDate "2007.11.18"]
[EventType "swiss"]
[EventRounds "9"]
[EventCountry "RUS"]
[SourceTitle "CBM 121 Extra"]
[Source "ChessBase"]
[SourceDate "2008.01.10"]
[SourceVersion "1"]
[SourceVersionDate "2008.01.10"]
[SourceQuality "1"]

1. d4 Nf6 2. c4 g6 3. Nc3 Bg7 4. e4 d6 5. f3 0-0 6. Be3 Nc6 7. Nge2 e5 8. d5 Ne7 9. Qd2 Ne8 10. g4 f5 11. gxf5 gxf5 12. 0-0-0 f4 13. Bf2 Ng6 14. h4 h5 15. Bh3 Bf6 16. Bxc8 Rxc8 17. Qe1 a6 18. Qg1 Kf7 19. Qh2 Qd7 20. Ng1 Ng7 21. Nh3 Nxh4 22. Ng5+ Bxg5 23. Bxh4 Bxh4 24. Qxh4 Qe7 25. Qh3 Rh8 26. Rdg1 Rcd8 27. Nd1 Qf6 28. Rg2 c6 29. Rhg1 Rhg8 30. Nf2 cxd5 31. exd5 Qe7 32. Ne4 Rdf8 33. Ng5+ Kg6 34. Ne6+ 1-0